000 00467nam a2200157Ia 4500
999 _c18807
_d18807
003 OSt
005 20200709101325.0
008 190216s9999||||xx |||||||||||||| ||und||
040 _coclc
082 _a947.08410924
_bLEN/V
100 _aLenin, V I
_93684
245 0 _aV I Lenin Collected Works /
_cV I Lenin
260 _b"Progress Publishers,
_c1967.
_aMoscow:
300 _a575p
942 _cBK
_2ddc
_h947.08410924
_iLEN/V
_k947.08410924
_mLEN/V